00503nam a2200157Ia 450000500170000000800410001708200130005810000180007124500360008926000300012530000190015550000550017494200060022995200950023599900150033020250117011207.0240331s9999 xx 000 0 und d bWIJa920 aWijesekera, N 0aSir D.B.Jayatilaka :bbiography aBorellabKithanjalic1973 aviii, 230 p ., aA biography and assessment of the man and his work cL 001040708LaWERCLbWERCLcSSCd2024-03-31l0o 920 WIJp5082r2024-03-31w2024-03-31yL c3469d3469